000 01401nam1a2200373 4500
001 RU\NLR\bibl\14821
005 20260607072510.0
010 _a5-300-01505-9
035 _a(NLR Aleph) 000014466
090 _a58180
_c58180
100 _a19990303d1997 u y0rusy50 ca
101 0 _arus
102 _aRU
105 _a||||z |||||
200 1 _aЗаговор против маршалов
_e[В 2 кн.]
_fЕ. Парнов
210 _aМ.
_cТЕРРА
_d1997
215 _d23
225 1 _aТайны истории
_eТИ
_iВек ХХ
300 _aНа обл. загл. сер.: Тайны истории в романах, повестях и документах
463 0 _10015071
463 0 _10015072
601 0 2 _aРабоче-Крестьянская Красная армия
_c1918 - 1946
_xРепрессии
_z1930-ые гг.
_92618786
_3RU\NLR\auth\661555346
606 _aРазведка (воен.) немецкая
_xИстория
_yСССР
_92222416
_3RU\NLR\AUTH\661334409
686 _aЦ4,6(2)1
686 _aЦ68,8(4Г)-1
686 _aТ3(2)7-3
700 1 _4070
_7ca
_8rus
_aПарнов
_bЕ. И.
_f1935-2009
_gЕремей Иудович
_9112019
_3RU\NLR\auth\772002
801 0 _aRU
_bNLR
_c19990303
_gPSBO
801 1 _aRU
_bNLR
_c19990303
830 _aАвт. раскрыт по кн.
852 _aNLR
_j98-5/489
942 _cBOOK
980 _aNB